[Event "Challenge"]
[Site "http://www.queenalice.com/game.php?id=799409"]
[Date "2010.7.6"]
[Round "-"]
[White "eddval"]
[Black "copadeplata"]
[Result "0-1"]
[WhiteElo "2116"]
[BlackElo "2138"]

1. e4 e5 2. Nf3 Nc6 3. Bb5 f5 4. d3 fxe4 5. dxe4 Bc5 6. Qd5 Bb4+ 7. c3 Nf6 8.
Qc4 Bd6 9. Ba4 a6 10. Bc2 b5 11. Qd3 O-O 12. O-O Bb7 13. b4 Ne7 14. Nbd2 Ng6 15.
g3 a5 16. a3 axb4 17. cxb4 Qe7 18. Bb2 c5 19. Rfd1 cxb4 20. axb4 Rxa1 21. Rxa1
Bc6 22. Ba3 Kh8 23. Rb1 Bb8 24. Bb3 Ba7 25. h3 Nh5 26. Nf1 Ngf4 27. gxf4 Nxf4
28. Qd1 Nxh3+ 29. Kg2 Bxe4 30. Bd5 Rxf3 31. Qxf3 Nf4+ 32. Kg3 Qg5+ 33. Qg4 Ne2+
34. Kh3 Qh6+ 35. Qh4 Bf5+ 36. Kg2 Qxh4 0-1

[Event "Challenge"]
[Site "http://www.queenalice.com/game.php?id=806303"]
[Date "2010.7.21"]
[Round "-"]
[White "eddval"]
[Black "copadeplata"]
[Result "0-1"]
[WhiteElo "2120"]
[BlackElo "2193"]

1. e4 e5 2. Nf3 Nc6 3. Bc4 Nf6 4. d3 Bc5 5. O-O d6 6. Be3 Bb6 7. h3 O-O 8. Nc3
Na5 9. Bb3 c6 10. Bg5 Nxb3 11. axb3 a6 12. d4 exd4 13. Nxd4 Re8 14. Re1 h6 15.
Bh4 d5 16. e5 g5 17. Bg3 Ne4 18. Nxe4 dxe4 19. c3 f5 20. exf6 Qxf6 21. Qh5 Bd7
22. Rad1 Rad8 23. Re2 c5 24. Nc2 Bg4 25. Qxg4 Rxd1+ 26. Kh2 Qf7 27. Ne3 Bd8 28.
Nf5 h5 29. Nh6+ Kg7 30. Nxf7 hxg4 31. Nd6 Re6 32. Nf5+ Kf7 33. Ne3 Rd3 34. Nxg4
Bf6 35. Ne3 b5 36. Nc2 b4 37. cxb4 cxb4 38. Nxb4 Rxb3 39. Nd5 Rxb2 40. Re3 Bd4
41. Re1 a5 42. Nc7 Re7 43. Nd5 Rd7 44. Ne3 Bxe3 45. Rxe3 a4 46. Rxe4 a3 47. Ra4
a2 48. Be5 Rxf2 49. Kg3 Rdd2 50. Kg4 Rxg2+ 51. Kh5 Ke6 52. Bg7 Rd5 53. Kg6 Rd3
54. Ra6+ Kd5 55. Ra5+ Kc4 56. Bf6 Rxh3 57. Bxg5 Rh1 58. Kf5 a1=Q 0-1

[Event "Challenge"]
[Site "http://www.queenalice.com/game.php?id=806304"]
[Date "2010.7.21"]
[Round "-"]
[White "eddval"]
[Black "copadeplata"]
[Result "0-1"]
[WhiteElo "2110"]
[BlackElo "2203"]

1. c4 e6 2. d4 d5 3. Nc3 Nf6 4. Nf3 Be7 5. e3 O-O 6. Bd3 dxc4 7. Bxc4 a6 8. O-O
b5 9. Bd3 Bb7 10. b3 Nbd7 11. Bb2 c5 12. Qe2 Qb6 13. Rac1 Rac8 14. Rfd1 Rfd8 15.
Ne5 cxd4 16. exd4 h6 17. h3 Nxe5 18. dxe5 Nd5 19. Bb1 Nxc3 20. Rxd8+ Bxd8 21.
Rxc3 Rxc3 22. Bxc3 Qc6 23. Qf3 Qxf3 24. gxf3 Bxf3 25. Bd3 Kf8 26. Kf1 Bb6 27. a4
bxa4 28. Bb4+ Ke8 29. bxa4 Bb7 30. Ke2 Bd4 31. f4 g5 32. Bd2 f5 33. fxg5 hxg5
34. Bxg5 Bxe5 35. Bc4 Kf7 36. Bd2 Bc8 37. Kd3 Kg6 38. Bb3 Kh5 39. Be1 Kg5 40.
Kc4 f4 41. Bf2 Bb2 42. Kc5 e5 43. Kb6 e4 44. Bc4 e3 45. Be1 f3 46. h4+ Kg4 47.
Kc7 Bf5 48. Bxa6 Bc1 49. Bc4 Bd2 50. a5 Bxe1 51. a6 e2 52. a7 Ba5+ 53. Kc6 e1=Q
54. a8=Q Be4+ 55. Bd5 Qc3+ 56. Kd6 Qc7+ 57. Ke6 Bf5+ 0-1

[Event "Challenge"]
[Site "http://www.queenalice.com/game.php?id=808083"]
[Date "2010.7.24"]
[Round "-"]
[White "Eliasz"]
[Black "copadeplata"]
[Result "0-1"]
[WhiteElo "1251"]
[BlackElo "2192"]

1. e4 e5 2. Nf3 Nc6 3. Bb5 f5 4. exf5 e4 5. Bxc6 dxc6 6. Ng1 Bxf5 7. Ne2 Qh4 8.
Nbc3 Bc5 9. O-O Nf6 10. Ng3 Ng4 11. h3 Nxf2 12. Rxf2 Qxg3 13. Qh5+ g6 14. Qe2
O-O-O 15. Na4 Bxf2+ 16. Qxf2 Qxf2+ 17. Kxf2 e3+ 18. dxe3 Bxc2 19. Nc3 Rhf8+ 20.
Kg1 Rd3 0-1

[Event "Challenge World Game #287"]
[Site "http://www.queenalice.com/game.php?id=816643"]
[Date "2010.8.12"]
[Round "-"]
[White "Aylton"]
[Black "copadeplata"]
[Result "0-1"]
[WhiteElo "1959"]
[BlackElo "2230"]

1. e4 e5 2. Nf3 Nc6 3. Nc3 Nf6 4. h3 Bb4 5. d3 d5 6. exd5 Nxd5 7. Bd2 Nxc3 8.
Bxc3 Bxc3+ 9. bxc3 Qd6 10. Be2 Qg6 11. g3 O-O 12. Qd2 a5 13. O-O-O b5 14. Kb1 b4
15. c4 a4 16. Rde1 Rd8 17. Bd1 Bb7 18. Rhg1 Qd6 19. h4 b3 20. cxb3 axb3 21. Bxb3
Na5 22. Nxe5 Nxb3 23. axb3 f6 24. Ng4 Qd4 25. Qb2 Qxg4 26. Re3 c5 27. Rge1 Bc6
28. Kc2 Qf5 29. f4 h5 30. Kd2 Be8 31. R1e2 Bg6 32. Qc2 Ra7 33. Rf2 Rda8 34. Kc3
Qd7 35. Qc1 Qd4+ 36. Kd2 Ra2+ 37. Ke1 Ra1 0-1

[Event "Challenge World Game #288"]
[Site "http://www.queenalice.com/game.php?id=816644"]
[Date "2010.8.12"]
[Round "-"]
[White "copadeplata"]
[Black "Aylton"]
[Result "1-0"]
[WhiteElo "2226"]
[BlackElo "1965"]

1. e4 c5 2. Nf3 Nc6 3. d4 cxd4 4. Nxd4 e5 5. Nb5 d6 6. c4 a6 7. N5c3 Nf6 8. Be2
Be7 9. O-O O-O 10. Be3 h6 11. Nd2 Be6 12. Nd5 Bxd5 13. exd5 Na7 14. Qb3 Qd7 15.
a4 Rfb8 16. a5 Nc8 17. Qc3 b5 18. axb6 Nxb6 19. b4 Nbxd5 20. cxd5 Nxd5 21. Qa3
Nxb4 22. Nc4 Nc2 23. Qa4 Qxa4 24. Rxa4 Nxe3 25. fxe3 f6 26. Rd1 Rd8 27. Nb6 Rab8
28. Rxa6 Kf7 29. Nd5 Bf8 30. Ra7+ Kg6 31. Bd3+ Kg5 32. h4+ Kxh4 33. Ra4+ Kg5 34.
Rf1 h5 35. Rf5+ Kh6 36. Rh4 g6 37. Rxf6 Kg5 38. Rxg6+ Kxh4 39. g3+ 1-0

[Event "Challenge"]
[Site "http://www.queenalice.com/game.php?id=818779"]
[Date "2010.8.15"]
[Round "-"]
[White "cleriston"]
[Black "copadeplata"]
[Result "0-1"]
[WhiteElo "2066"]
[BlackElo "2263"]

1. e4 e5 2. f4 exf4 3. Nf3 Ne7 4. Bc4 d5 5. exd5 Nxd5 6. O-O Be6 7. Qe2 Nc6 8.
d4 Be7 9. c3 g5 10. Nbd2 Ne3 11. Rf2 Nxc4 12. Nxc4 Qd5 13. Nfe5 O-O-O 14. Nxc6
Qxc6 15. Ne5 Qd5 16. h4 f6 17. Nf7 Bxf7 18. Qxe7 Rd6 19. Qe2 Re8 20. Qd1 Rde6
21. Bd2 h5 22. Kh2 Qb5 23. b3 Re2 24. c4 Rxf2 25. cxb5 Ree2 26. Qc2 Rxg2+ 27.
Kh1 Rh2+ 28. Kg1 Reg2+ 29. Kf1 Rxd2 30. Qf5+ Kb8 31. Kg1 Rdg2+ 32. Kf1 Rf2+ 33.
Kg1 Rhg2+ 34. Kh1 f3 35. Qxf3 Rxf3 36. Kxg2 g4 37. Re1 Kc8 38. Kg1 Kd7 0-1

[Event "Challenge"]
[Site "http://www.queenalice.com/game.php?id=818780"]
[Date "2010.8.15"]
[Round "-"]
[White "copadeplata"]
[Black "cleriston"]
[Result "1-0"]
[WhiteElo "2269"]
[BlackElo "2048"]

1. e4 c5 2. Nf3 d6 3. d4 cxd4 4. Nxd4 e6 5. c4 Nf6 6. Nc3 Be7 7. Be2 Nbd7 8. O-O
O-O 9. Be3 b6 10. Nc6 Qe8 11. Nb5 Ne5 12. Nxe5 dxe5 13. Nc7 Qc6 14. Nxa8 Qxa8
15. f3 Qc6 16. a3 Rd8 17. Qb3 Bc5 18. Rfd1 Bd4 19. Bxd4 exd4 20. e5 Ne8 21. f4
f6 22. Qg3 Qd7 23. Rac1 Bb7 24. Rc3 fxe5 25. fxe5 dxc3 26. Rxd7 Rxd7 27. Qxc3 g6
28. b4 Ba6 29. b5 Bb7 30. c5 bxc5 31. Qxc5 Bd5 32. a4 Rc7 33. Qe3 Rc2 34. Bf3
Bxf3 35. gxf3 Rc7 36. a5 Ng7 37. b6 axb6 38. axb6 Rb7 39. Qc5 Rb8 40. Qc7 1-0

[Event "Challenge"]
[Site "http://www.queenalice.com/game.php?id=819770"]
[Date "2010.8.18"]
[Round "-"]
[White "amarkin"]
[Black "copadeplata"]
[Result "1-0"]
[WhiteElo "2304"]
[BlackElo "2236"]

1. e4 c5 2. Nf3 e6 3. d4 cxd4 4. Nxd4 Nf6 5. Nc3 Nc6 6. Nxc6 bxc6 7. Bd3 d5 8.
O-O Qc7 9. Re1 Be7 10. Qf3 O-O 11. Bg5 Qe5 12. Bh4 d4 13. Ne2 c5 14. c3 dxc3 15.
Nxc3 Bb7 16. Bg3 Qh5 17. Qe3 Rac8 18. Rad1 Rfd8 19. Bc2 a6 20. Rxd8+ Rxd8 21.
Rd1 Rd7 22. Rxd7 Nxd7 23. Qd3 Nf8 24. Bd6 c4 25. Qd4 Bxd6 26. Qxd6 Qg5 27. f4
Qf6 28. g3 e5 29. Qxf6 gxf6 30. Kf2 Nd7 31. Nd5 Kf8 32. Kf3 Bxd5 33. exd5 h6 34.
d6 Nc5 35. Be4 Ke8 36. Bd5 Nd3 37. Bxc4 Nxb2 38. Bxa6 Kd7 39. a4 Kxd6 40. a5 Kc5
41. Bf1 Nd1 42. Ke4 Nc3+ 43. Kf5 e4 44. Kxf6 e3 45. Kxf7 e2 46. Bxe2 1-0

[Event "Challenge"]
[Site "http://www.queenalice.com/game.php?id=819771"]
[Date "2010.8.18"]
[Round "-"]
[White "copadeplata"]
[Black "amarkin"]
[Result "1-0"]
[WhiteElo "2222"]
[BlackElo "2304"]

1. e4 c5 2. Nf3 d6 3. d4 cxd4 4. Nxd4 Nf6 5. Nc3 e5 6. Bb5+ Nbd7 7. Nf5 a6 8.
Ba4 b5 9. Bb3 Nc5 10. Bg5 Bxf5 11. exf5 Be7 12. Bxf6 Bxf6 13. Qd5 O-O 14. Ne4
Be7 15. c3 Nxb3 16. axb3 Qd7 17. g4 a5 18. O-O h5 19. h3 a4 20. f4 hxg4 21. hxg4
Rfd8 22. Kg2 Ra7 23. Rh1 Qb7 24. Qxb7 Rxb7 25. fxe5 dxe5 26. g5 f6 27. g6 Rbd7
28. bxa4 bxa4 29. Rxa4 Rd5 30. Nf2 Bc5 31. Rah4 Kf8 32. Ne4 Bb6 33. Rh8+ Ke7 34.
Rxd8 Rxd8 35. Rh7 Rg8 36. Kf3 Ba7 37. b4 Bb6 38. c4 1-0

[Event "Challenge"]
[Site "http://www.queenalice.com/game.php?id=819774"]
[Date "2010.8.18"]
[Round "-"]
[White "copadeplata"]
[Black "Seneca"]
[Result "1-0"]
[WhiteElo "2218"]
[BlackElo "1943"]

1. e4 e6 2. d4 d5 3. Nc3 Bb4 4. e5 c5 5. a3 Bxc3+ 6. bxc3 Ne7 7. Qg4 Qc7 8. Bd3
Nbc6 9. Nf3 Qa5 10. O-O c4 11. Be2 O-O 12. Bd2 Qa4 13. Bd1 b5 14. Nh4 1-0

[Event "Challenge"]
[Site "http://www.queenalice.com/game.php?id=819775"]
[Date "2010.8.18"]
[Round "-"]
[White "Seneca"]
[Black "copadeplata"]
[Result "0-1"]
[WhiteElo "1969"]
[BlackElo "2213"]

1. d4 Nf6 2. c4 e6 3. Nf3 d5 4. g3 Bb4+ 5. Bd2 Be7 6. Bg2 c6 7. O-O Nbd7 8. Qc2
O-O 9. Bf4 b6 10. Rd1 Bb7 11. Nc3 Rc8 12. Ne5 Nh5 13. Bc1 Nhf6 14. e4 dxc4 15.
Nxc4 b5 0-1

[Event "Challenge"]
[Site "http://www.queenalice.com/game.php?id=825286"]
[Date "2010.8.29"]
[Round "-"]
[White "edemarc"]
[Black "copadeplata"]
[Result "0-1"]
[WhiteElo "1321"]
[BlackElo "2234"]

1. e4 e5 2. Qh5 Nc6 3. Bc4 Qe7 4. b3 Nf6 5. Qf3 Nd4 6. Qd3 d5 7. exd5 Bf5 8. Qc3
Nxc2+ 9. Kd1 O-O-O 10. a4 Nxa1 11. Qxa1 Ne4 12. Nh3 Bxh3 13. Kc2 Nxf2 14. Ba3
Bf5+ 15. d3 Qg5 16. Rg1 Nxd3 17. Bc1 Nxc1+ 18. Kb2 Qe3 19. Rxc1 Qf2+ 20. Kc3
Qd4# 0-1

[Event "Challenge"]
[Site "http://www.queenalice.com/game.php?id=838492"]
[Date "2010.9.27"]
[Round "-"]
[White "eddval"]
[Black "copadeplata"]
[Result "0-1"]
[WhiteElo "2179"]
[BlackElo "2235"]

1. e4 e5 2. Nf3 Nc6 3. Bb5 a6 4. Ba4 b5 5. Bb3 Nf6 6. O-O Bb7 7. Re1 Bc5 8. c3
d6 9. d4 Bb6 10. a4 h6 11. Qd3 O-O 12. Na3 exd4 13. cxd4 Nb4 14. Qb1 bxa4 15.
Bxa4 Qe7 16. Bd2 a5 17. d5 Ng4 18. Be3 Nxe3 19. fxe3 f5 20. Nc4 fxe4 21. Nxb6
exf3 22. Nxa8 Qg5 23. g3 f2+ 24. Kf1 fxe1=Q+ 25. Kxe1 Qxe3+ 0-1

[Event "Challenge"]
[Site "http://www.queenalice.com/game.php?id=843370"]
[Date "2010.10.8"]
[Round "-"]
[White "copadeplata"]
[Black "eddval"]
[Result "1-0"]
[WhiteElo "2254"]
[BlackElo "2083"]

1. e4 e5 2. Nf3 Nc6 3. Bb5 a6 4. Ba4 Nf6 5. O-O Be7 6. Re1 b5 7. Bb3 d6 8. c3
Na5 9. Bc2 c5 10. d4 Bg4 11. dxe5 Bxf3 12. Qxf3 dxe5 13. Qg3 Nc6 14. Qxg7 Rg8
15. Qh6 Qd7 16. h3 Rg6 17. Qe3 Nh5 18. Rd1 Qe6 19. Qf3 Ng7 20. Be3 Kf8 21. a4 b4
22. Rd5 c4 23. Nd2 b3 24. Bd1 Bg5 25. Nxc4 Ne7 26. Bc5 Kg8 27. Rxe5 Qxc4 28. Be2
Nc6 29. Bxc4 Nxe5 30. Bxf7+ Nxf7 31. Rd1 Ne6 32. e5 Rc8 33. Bd4 Bf4 34. Qb7 Rc7
35. Qxb3 h5 36. Qc2 Kg7 37. Qf5 h4 38. Kf1 Rd7 39. Rd3 Rd5 40. Rf3 Rxd4 41. cxd4
Nxd4 42. Qxf4 Nxf3 43. gxf3 Rh6 44. Qg4+ Rg6 45. Qxh4 Nxe5 46. Qd4 1-0

[Event "Challenge"]
[Site "http://www.queenalice.com/game.php?id=848990"]
[Date "2010.10.21"]
[Round "-"]
[White "lupengui"]
[Black "copadeplata"]
[Result "1/2-1/2"]
[WhiteElo "2313"]
[BlackElo "2261"]

1. d4 Nf6 2. c4 e6 3. Nf3 d5 4. Nc3 Be7 5. Bg5 h6 6. Bh4 O-O 7. e3 Nbd7 8. Rc1
c6 9. Qc2 a6 10. cxd5 exd5 11. a3 Re8 12. Bd3 Ne4 13. Bxe7 Qxe7 14. O-O Ndf6 15.
Ne5 Ng4 16. Bxe4 dxe4 17. Qxe4 Nxe5 18. dxe5 Qxe5 19. Qxe5 Rxe5 20. Rfd1 Kf8 21.
Na4 Ke7 22. Nc5 Rb8 23. f4 Rd5 24. Rxd5 cxd5 25. Nb3 Kd6 26. Nd4 Bd7 27. Kf2 Rc8
28. Rxc8 Bxc8 29. Ke2 Bg4+ 30. Kd3 g6 31. Nb3 Bd1 1/2-1/2

[Event "Let's Play Chess!"]
[Site "http://www.queenalice.com/game.php?id=910906"]
[Date "2011.3.11"]
[Round "-"]
[White "boparame"]
[Black "copadeplata"]
[Result "0-1"]
[WhiteElo "2266"]
[BlackElo "2298"]

1. e4 c5 2. Nf3 e6 3. d3 Nc6 4. Nc3 d5 5. Be2 d4 6. Nb1 e5 7. O-O Nf6 8. Nbd2
Be7 9. Nc4 Qc7 10. a4 O-O 11. Bg5 Ne8 12. Bxe7 Qxe7 13. Nfd2 b6 14. Bg4 Qg5 15.
Bxc8 Rxc8 16. Rc1 Rb8 17. g3 a6 18. Nf3 Qf6 19. Nh4 b5 20. axb5 axb5 21. Nd2 g6
22. Ng2 Nc7 23. f4 Ra8 24. c4 dxc3 25. Rxc3 Qd6 26. Nb3 Ne6 27. f5 Ned4 28. Nxd4
exd4 29. Rc1 Ne5 30. b3 c4 31. bxc4 bxc4 32. dxc4 d3 33. Qd2 Rfc8 34. Ne3 Qd4
35. Qf2 d2 36. Rcd1 Ra2 37. h3 Ra3 38. Nd5 Rxc4 39. Kh2 Nf3+ 40. Kg2 Ne1+ 41.
Rdxe1 dxe1=Q 42. Rxe1 Qxf2+ 43. Kxf2 Rc2+ 44. Re2 Rxe2+ 45. Kxe2 Rxg3 46. h4 Rh3
47. h5 gxf5 48. exf5 Kg7 49. f6+ Kh6 50. Nf4 Rxh5 51. Nxh5 Kxh5 0-1

[Event "Let's Play Chess!"]
[Site "http://www.queenalice.com/game.php?id=910911"]
[Date "2011.3.11"]
[Round "-"]
[White "copadeplata"]
[Black "boparame"]
[Result "1-0"]
[WhiteElo "2286"]
[BlackElo "2282"]

1. e4 c6 2. d4 d5 3. Nc3 dxe4 4. Nxe4 Nd7 5. Ng5 e6 6. Bd3 Ndf6 7. N1f3 h6 8.
Nxf7 Kxf7 9. Ne5+ Ke7 10. Ng6+ Ke8 11. Nxh8 Ne7 12. O-O Qc7 13. Ng6 Bd7 14. Bf4
Qb6 15. Ne5 g5 16. Nc4 gxf4 17. Nxb6 axb6 18. Qf3 Ned5 19. c4 Nb4 20. Bg6+ Ke7
21. a3 Na6 22. Qxf4 Bg7 23. Rfe1 Rc8 24. d5 cxd5 25. cxd5 Rf8 26. dxe6 Bc6 27.
Rad1 Nd5 28. Qg3 Bxb2 29. Be4 Nac7 30. Bxd5 Nxd5 31. Rxd5 1-0

[Event "Let's Play Chess!"]
[Site "http://www.queenalice.com/game.php?id=912140"]
[Date "2011.3.13"]
[Round "-"]
[White "rotwein"]
[Black "copadeplata"]
[Result "0-1"]
[WhiteElo "2219"]
[BlackElo "2274"]

1. d4 Nf6 2. c4 e6 3. g3 c5 4. d5 exd5 5. cxd5 d6 6. Nc3 g6 7. Bg2 Bg7 8. Nf3
O-O 9. O-O Re8 10. Nd2 a6 11. a4 Nbd7 12. h3 Rb8 13. Nc4 Ne5 14. Na3 Nh5 15. e4
Bd7 16. a5 Qxa5 17. g4 Nf6 18. f4 Nexg4 19. hxg4 Nxg4 20. f5 h5 21. Bg5 c4 22.
f6 Qc5+ 23. Kh1 Bh8 24. Qd2 b5 25. Nc2 b4 26. Nd1 a5 27. Qd4 Qc7 28. Nce3 Re5
29. Bh4 Bb5 30. Rf4 Nxe3 31. Qxe3 Rbe8 32. Qg3 Bd7 33. Ne3 a4 34. Rff1 c3 35.
bxc3 b3 36. Nf5 Kh7 37. Ne7 Rb8 38. Rfb1 Qc4 39. Rb2 Rxe7 40. fxe7 Qxc3 0-1

[Event "Let's Play Chess!"]
[Site "http://www.queenalice.com/game.php?id=957894"]
[Date "2011.7.17"]
[Round "-"]
[White "copadeplata"]
[Black "Mamonas"]
[Result "1-0"]
[WhiteElo "2309"]
[BlackElo "2022"]

1. e4 c5 2. Nf3 d6 3. d4 cxd4 4. Nxd4 Nf6 5. Nc3 e6 6. g4 h6 7. h4 Nc6 8. Rg1
Rb8 9. g5 hxg5 10. hxg5 Ng8 11. Be3 Be7 12. Qf3 a6 13. O-O-O Nxd4 14. Bxd4 Bxg5+
15. Kb1 Bf6 16. e5 dxe5 17. Ba7 Bd7 18. Bxb8 Qxb8 19. Ne4 Bc6 20. Bd3 Qc7 21.
Rh1 Rxh1 22. Rxh1 Qa5 23. a3 Be7 24. Rh8 Qe1+ 25. Ka2 Kf8 26. c4 f5 27. Qh5 fxe4
28. Qh7 Kf7 29. Qxg8+ Kf6 30. Rh7 Qg1 31. Be2 e3 32. Rh6+ g6 33. Rh5 Bc5 34.
Qh8+ Ke7 35. Rh7+ 1-0

[Event "Que venga el toro"]
[Site "http://www.queenalice.com/game.php?id=977082"]
[Date "2011.8.26"]
[Round "-"]
[White "copadeplata"]
[Black "jizaias"]
[Result "1-0"]
[WhiteElo "2312"]
[BlackElo "2271"]

1. e4 c5 2. Nf3 d6 3. d4 cxd4 4. Nxd4 Nf6 5. Nc3 a6 6. Be3 e6 7. f3 Nc6 8. Qd2
Be7 9. O-O-O O-O 10. g4 Nxd4 11. Bxd4 e5 12. Be3 Be6 13. Kb1 Qc7 14. g5 Nd7 15.
h4 Nb6 16. h5 f5 17. exf5 Bxf5 18. h6 g6 19. Bxb6 Qxb6 20. Bc4+ Kh8 21. Nd5 Qd8
22. Nxe7 Qxe7 23. Qxd6 Qxd6 24. Rxd6 b5 25. Bb3 Rfd8 26. Rhd1 Re8 27. Kc1 a5 28.
a4 b4 29. Bc4 Rac8 30. Bd3 Bxd3 31. R1xd3 Rf8 32. Ra6 Rc5 33. Rd7 1-0

[Event "Let's Play Chess!"]
[Site "http://www.queenalice.com/game.php?id=1006447"]
[Date "2011.11.9"]
[Round "-"]
[White "copadeplata"]
[Black "P17"]
[Result "1-0"]
[WhiteElo "2323"]
[BlackElo "2189"]

1. e4 c5 2. Nf3 Nc6 3. d4 cxd4 4. Nxd4 Nf6 5. Nc3 e5 6. Ndb5 d6 7. Bg5 a6 8. Na3
b5 9. Bxf6 gxf6 10. Nd5 f5 11. g3 fxe4 12. Bg2 Bg7 13. Bxe4 Be6 14. Qh5 Rc8 15.
O-O Ne7 16. Nxe7 Qxe7 17. Rad1 b4 18. Nb1 d5 19. Bxd5 Bxd5 20. Rxd5 Rxc2 21. Qd1
Rxb2 22. Qc1 Qe6 23. Rfd1 Rxb1 24. Rd8+ Ke7 25. Qc7+ Kf6 26. Rxb1 Rxd8 27. Qxd8+
Kg6 28. Rxb4 Bf6 29. Qg8+ Bg7 30. a4 Qd6 31. Rg4+ 1-0

[Event "Let's Play Chess!"]
[Site "http://www.queenalice.com/game.php?id=1800876"]
[Date "2022.12.6"]
[Round "-"]
[White "copadeplata"]
[Black "Charles56"]
[Result "1-0"]
[WhiteElo "2331"]
[BlackElo "1600"]

1. e4 e5 2. Nf3 d6 3. d4 exd4 4. Nxd4 a6 5. Nc3 h6 6. Bf4 Nf6 7. Qe2 Bg4 8. f3
Bh5 9. e5 dxe5 10. Bxe5 Bc5 11. Bxf6+ Be7 12. Bxe7 Qxe7 13. Nd5 Qxe2+ 14. Bxe2
Ra7 15. Kf2 Kd7 16. Rad1 Re8 17. Nf4 Bxf3 18. Bxf3 c6 19. Nb5+ 1-0